000 00446nam a22001817a 4500
003 MPLRDC
005 20220104144044.0
008 210129b ||||| |||| 00| 0 eng d
020 _a957-13-2281-4
082 _a176.5 DCE c.3*
100 _a戴晨志著
245 _a你是EQ高手吗?
_c
260 _a
_b时报文化出版企业有限
_c1997
300 _b
490 _a戴晨土作品;4
650 _a
942 _cBK
_o176.5 DCE c.3*
999 _c45950
_d45940